| 000 | 00695nam a2200205 a 4500 | ||
|---|---|---|---|
| 001 | 000022396 | ||
| 005 | 20200930011718.0 | ||
| 008 | 101007s2002 dr 001 0 spa d | ||
| 020 | _a0942347641 | ||
| 040 |
_aDO-SdBNP _bspa _cBNPHU |
||
| 100 | 1 |
_aQuiñones, Alfonso _d1959- _946180 |
|
| 245 | 1 | 0 |
_aAndy Montañez : _bel ser humano y el artista / _cAlfonso Quiñones ; editor José Carvajal. |
| 260 |
_aColombia : _bEdiciones del Puerto, _c2002. |
||
| 300 |
_a158 p. : _bil., retrs ; _c19 cm. |
||
| 490 | 1 |
_aEn voz propia _vno. 2 |
|
| 500 | _aIncluye datos biográficos del autor en la solapa | ||
| 700 | 1 |
_aCarvajal, José _eed. _912340 |
|
| 830 | 0 |
_aEn voz propia _vno. 2 _946181 |
|
| 049 | _aBNPD | ||
| 999 |
_c21894 _d21894 |
||